My Echoing Heart Collection of Poems/ (Record no. 209721)

MARC details
000 -LEADER
fixed length control field 00568nam a22001937a 4500
005 - DATE AND TIME OF LATEST TRANSACTION
control field 20250225121324.0
010 ## - LCCN (DPL NO)
LC control number ENG-143900
020 ## - INTERNATIONAL STANDARD BOOK NUMBER
Terms of availability 350.00
International Standard Book Number 9789390663293
035 ## - SYSTEM CONTROL NUMBER
System control number EN-127432
037 ## - SOURCE OF ACQUISITION
Source of stock number/acquisition DBAD/PUB
082 ## - DEWEY DECIMAL CLASSIFICATION NUMBER
Classification number 881
100 ## - MAIN ENTRY--PERSONAL NAME
Personal name Punya
245 ## - TITLE STATEMENT
Title My Echoing Heart Collection of Poems/
Statement of responsibility, etc Punya devi
Medium English
250 ## - EDITION STATEMENT
Edition statement 1
260 ## - PUBLICATION, DISTRIBUTION, ETC. (IMPRINT)
Place of publication, distribution, etc GuruGram
Name of publisher, distributor, etc Global Fraternity of Poet
Date of publication, distribution, etc 2007
270 ## - ADDRESS
City GuruGram
Address H-23/16,DLF Phase -1 Haryana
Postal code 122002
Telephone number 7015676289
300 ## - PHYSICAL DESCRIPTION
Extent 121pg.
Dimensions 22cm(pbk)
942 ## - ADDED ENTRY ELEMENTS (KOHA)
Source of classification or shelving scheme Dewey Decimal Classification
Item type English Books
Classification part 881
Call number suffix PUN
Holdings
Withdrawn status Lost status Not for loan Collection code Home library Current library Date acquired Source of acquisition Cost, normal purchase price Full call number Barcode Copy number Cost, replacement price Koha item type
      Non-fiction Central Library Central Library 25/02/2025 DBAD 350.00 881 PUN EN-127432 1 350.00 English Books

© Delhi Public Library
Hit Counter
free hit counter